WWE Royal Rumble Winners Quiz - One Minute Sprint - Statistics

General Stats
  • This quiz has been taken 301 times
    15 since last reset
  • The average score is 24 of 36
Answer Stats
YEAR EN Answer % Correct
2023 (M), 2024 (M) 30 Cody Rhodes
100%
2015, 2026 (M) 19 Roman Reigns
100%
2020 (W), 2025 (W) 17 Charlotte
88%
2008, 2013 30 John Cena
88%
2026 (W) 14 Liv Morgan
88%
2019 (M) 10 Seth Rollins
88%
1997, 1998, 2001 5 Stone Cold Steve Austin
88%
2019 (W) 28 Becky Lynch
75%
2003, 2022 (M) 29 Brock Lesnar
75%
2004 1 Chris Benoit
75%
1988 13 "Hacksaw" Jim Duggan
75%
1990, 1991 25 Hulk Hogan
75%
2025 (M) 20 Jey Uso
75%
2009, 2017 8 Randy Orton
75%
1992 3 Ric Flair
75%
1995, 1996 1 Shawn Michaels
75%
2000 24 The Rock
75%
2021 (W) 3 Bianca Belair
63%
1989 27 Big John Studd
63%
2010, 2021 (M) 29 Edge
63%
2006 2 Rey Mysterio
63%
2023 (W) 1 Rhea Ripley
63%
2022 (W) 28 Ronda Rousey
63%
2007 30 The Undertaker
63%
2002, 2016 22 Triple H
63%
1999 2 Vince McMahon
63%
2011 38 Alberto Del Rio
50%
2005, 2014 28 Batista
50%
2020 (M) 16 Drew McIntyre
50%
2012 22 Sheamus
50%
2018 (W) 25 Asuka
38%
1994 27 Bret Hart
38%
1994 23 Lex Luger
38%
1993 27 Yokozuna
38%
2024 (W) 3 Bayley
25%
2018 (M) 14 Shinsuke Nakamura
25%
No matching quizzes found
Score Distribution
Percent of People with Each Score
Percentile by Number Answered
Your Score History
You have not taken this quiz since the last reset